Shatadhik mahan bijnani (Record no. 8756)

MARC details
000 -LEADER
fixed length control field 00585cam a2200229ua 4500
001 - CONTROL NUMBER
control field 9753
005 - DATE AND TIME OF LATEST TRANSACTION
control field 20260515114522.0
008 - FIXED-LENGTH DATA ELEMENTS--GENERAL INFORMATION
fixed length control field 160823n ii |||gr||||Z||||||asm
020 ## - INTERNATIONAL STANDARD BOOK NUMBER
International Standard Book Number 8176650293
040 ## - CATALOGING SOURCE
Transcribing agency MAIN
041 ## - LANGUAGE CODE
Language code of text/sound track or separate title asm
082 ## - DEWEY DECIMAL CLASSIFICATION NUMBER
Classification number 920
100 ## - MAIN ENTRY--PERSONAL NAME
Personal name Goswami, Dinesh Chandra,
Relator term Author.
245 ## - TITLE STATEMENT
Title Shatadhik mahan bijnani
Statement of responsibility, etc. by Dinesh Chandra Goswami
250 ## - EDITION STATEMENT
Edition statement 2nd ed.
260 ## - PUBLICATION, DISTRIBUTION, ETC.
Place of publication, distribution, etc. Guwahati:
Name of publisher, distributor, etc. Students stores,
Date of publication, distribution, etc. 2003.
300 ## - PHYSICAL DESCRIPTION
Extent 305p.
653 ## - INDEX TERM--UNCONTROLLED
Uncontrolled term Biography, genealogy & insignia
653 ## - INDEX TERM--UNCONTROLLED
Uncontrolled term Asomiya jiboni
653 ## - INDEX TERM--UNCONTROLLED
Uncontrolled term Assamese biography
942 ## - ADDED ENTRY ELEMENTS (KOHA)
Koha item type Books
Holdings
Withdrawn status Lost status Damaged status Not for loan Home library Current library Shelving location Date acquired Total checkouts Full call number Barcode Date last seen Copy number Price effective from Koha item type
        Naharkatiya College Library Naharkatiya College Library General stacks 09/19/2020   920Biography | GOS 19838 09/19/2020 1 09/19/2020 Books